| 000 | 00400nam a22001217a 4500 | ||
|---|---|---|---|
| 008 | 230703b xxu||||| |||| 00| 0 eng d | ||
| 082 |
_a351.722 _bMWE |
||
| 100 | _cAlbert Mwenda and Katindi Sivi | ||
| 245 | _aReport on the Pre-Budget Retreat for Parliamentary Departmental Committees Held at Mombasa Serena Hotel on 7th and 8th June 2003 | ||
| 260 |
_aKenya _c2003 |
||
| 300 | _a176p | ||
| 942 |
_2ddc _cBK |
||
| 999 |
_c3169 _d3169 |
||